000
00250nam a2200097Ia 4500
001
712167
005
20250826162822.0
008
250824s9999 xx 000 0 und d
245
0
_a
SOKAKLARIN ÇOCUĞU SUÇLU 2
_c
ORHAN KEMAL
260
_b
EVEREST YAYINLARI
999
_c
712167
_d
712167